UBT Library

EBSCO : (Record no. 152)

000 -LEADER
fixed length control field 00747nam a22002177a 4500
008 - FIXED-LENGTH DATA ELEMENTS--GENERAL INFORMATION
fixed length control field 131025b xxu||||| |||| 00| 0 alb d
020 ## - INTERNATIONAL STANDARD BOOK NUMBER
International Standard Book Number 9951130054
041 0# - LANGUAGE CODE
Language code of text/sound track or separate title alb
080 ## - UNIVERSAL DECIMAL CLASSIFICATION NUMBER
Universal Decimal Classification number 05
080 ## - UNIVERSAL DECIMAL CLASSIFICATION NUMBER
Universal Decimal Classification number 681.324
Common auxiliary subdivision (036)
245 00 - TITLE STATEMENT
Title EBSCO :
Statement of responsibility, etc Shukrije Rama,
260 ## -
-- Prishtinë :
-- Biblioteka Kombëtare dhe Universitare e Kosovës,
-- 2004
300 ## -
-- 11 f . :
-- me il . ;
-- 20 cm.
490 ## -
-- Konsorciumi i Bibliotekave Elektronike të Kosovës
650 #4 -
-- Bibliotekat elektronike
-- Kosovë
650 #4 -
-- Informacioni bibliotekar
700 1# -
-- Rama, Shukrije
700 1# -
-- Kokollari, Besim J.
700 1# -
-- Biblioteka Kombëtare dhe Universitare e Kosovës,
942 ## - ADDED ENTRY ELEMENTS (KOHA)
Source of classification or shelving scheme
Item type Books
Holdings
Withdrawn status Lost status Source of classification or shelving scheme Damaged status Not for loan Collection code Permanent location Current location Shelving location Date acquired Total Checkouts Full call number Barcode Date last seen Koha item type
          Koleksioni i përgjithshem UBT - Prishtine UBT - Prishtine Koleksioni i përgjithshem 10/25/2013   05 681.324 (036) EBS 001-000168 10/25/2013 Books
UBT Library © 2015-2024. All rights reserved University Education for Business and Technology